Normal view
MARC view
- BRASNETT, CLIVE
Entry Personal Name
001 - CONTROL NUMBER
- control field: 78063
003 - CONTROL NUMBER IDENTIFIER
- control field: NUST
005 - DATE AND TIME OF LATEST TRANSACTION
- control field: 20210628210056.0
008 - FIXED-LENGTH DATA ELEMENTS
- fixed length control field: 210628|| aca||aabn | a|a d
040 ## - CATALOGING SOURCE
- Original cataloging agency: NUST
- Transcribing agency: NUST
100 ## - HEADING--PERSONAL NAME
- Personal name: BRASNETT, CLIVE
670 ## - SOURCE DATA FOUND
- Source citation: Work cat.: (NUST): BRASNETT, CLIVE, ENGLISH FOR ENGINEERS, 1968
